00250nam a2200097Ia 4500001000800000005001700008008004100025020001800066245004900084260001900133126857320260417145253.0260417s9999 xx 000 0 und d a9786256495579 0aMinik Balığım FırfırcCatherine Rayner bKetebe Çocuk